Medaliści Mistrzostw Polski w Speedcubingu 2024 - Statystyki

Ogólne statystyki
  • Ten quiz został rozwiązany 119 razy
  • Średni wynik to 24 z 33
Statystyki odpowiedzi
Liczba medali Speedcuber % Poprawnych
5 Tymon Kolasiński
100%
2 Teodor Zajder
95%
2 Krzysztof Bober
92%
3 Magdalena Pabisz
91%
4 Tomasz Pietruszka
91%
2 Kajetan Opach
89%
3 Adrian Dębski
88%
1 Jan Zych
85%
2 Kamil Przybylski
82%
1 Oskar Hanuszkiewicz
82%
1 Radomił Baran
79%
1 Stanisław Szyszka
79%
1 Michał Krasowski
77%
1 Olaf Kuźmiński
77%
1 Ignacy Samselski
76%
1 Radosław Marcinek
76%
1 Łukasz Dubicki
74%
1 Antoni Stojek
73%
1 Eryk Kasperek
71%
1 Jakub Hibszer
70%
1 Bartosz Karpiński
68%
1 Dawid Wójcik
68%
1 Majk Tomas
68%
2 Mikołaj Morawski
67%
1 Jakub Majchrzak
65%
3 Maciej Skowroński
65%
1 Mateusz Szulik
62%
1 Michał Denkiewicz
61%
1 Dominik Kobinski
59%
1 Filip Śliwa
55%
1 Karol Piskorek
55%
1 Krzysztof Pietrusiak
55%
1 Jan Woźniak
50%
Nie znaleziono quizów pasujących do podanych kryteriów
Rozkład punktacji
Procent ludzi z każdym wynikiem
Percentyl według liczby udzielonych odpowiedzi
Twoja historia wyników
Nie rozwiązałeś tego quizu